NLSUI OPAC header image

Anti-cartel enforcement worldwide, vol. 1-3 / (Record no. 37292)

MARC details
000 -LEADER
fixed length control field 00914cam a2200277 a 4500
001 - CONTROL NUMBER
control field 15965935
005 - DATE AND TIME OF LATEST TRANSACTION
control field 20260122073542.0
008 - FIXED-LENGTH DATA ELEMENTS--GENERAL INFORMATION
fixed length control field 091029s2009 enka b 001 0 eng d
010 ## - LIBRARY OF CONGRESS CONTROL NUMBER
LC control number 2009517092
020 ## - INTERNATIONAL STANDARD BOOK NUMBER
International Standard Book Number 9780521897181
Qualifying information v. 1
020 ## - INTERNATIONAL STANDARD BOOK NUMBER
International Standard Book Number 9780521897198
Qualifying information v. 2
020 ## - INTERNATIONAL STANDARD BOOK NUMBER
International Standard Book Number 9780521897204
Qualifying information v. 3
082 ## - DEWEY DECIMAL CLASSIFICATION NUMBER
Classification number 343.0721 DAB
245 00 - TITLE STATEMENT
Title Anti-cartel enforcement worldwide, vol. 1-3 /
Statement of responsibility, etc. edited by Maher M. Dabbah and Barry E. Hawk.
260 ## - PUBLICATION, DISTRIBUTION, ETC.
Place of publication, distribution, etc. Cambridge :
Name of publisher, distributor, etc. Cambridge University Press,
Date of publication, distribution, etc. 2009.
300 ## - PHYSICAL DESCRIPTION
Extent 3 v. :
Other physical details ill. ;
Dimensions 26 cm.
490 0# - SERIES STATEMENT
Series statement Antitrust and competition law
505 0# - FORMATTED CONTENTS NOTE
Formatted contents note v. 1. Albania-Finland -- v. 2. France-Norway -- v. 3. Pakistan-Venezuela.
650 #0 - SUBJECT ADDED ENTRY--TOPICAL TERM
Topical term or geographic name entry element Antitrust law.
650 #0 - SUBJECT ADDED ENTRY--TOPICAL TERM
Topical term or geographic name entry element Actions and defenses.
650 #0 - SUBJECT ADDED ENTRY--TOPICAL TERM
Topical term or geographic name entry element Cartels
General subdivision State supervision.
650 #0 - SUBJECT ADDED ENTRY--TOPICAL TERM
Topical term or geographic name entry element Administrative procedure.
700 1# - ADDED ENTRY--PERSONAL NAME
Personal name Dabbah, Maher M.
700 1# - ADDED ENTRY--PERSONAL NAME
Personal name Hawk, Barry E.
942 ## - ADDED ENTRY ELEMENTS (KOHA)
Source of classification or shelving scheme Dewey Decimal Classification
Koha item type BOOKs
Holdings
Withdrawn status Lost status Damaged status Not for loan Home library Current library Shelving location Date acquired Cost, normal purchase price Total Checkouts Full call number Barcode Date last seen Price effective from Koha item type Public note
      Not For Loan . . REFERENCE SECTION 30.05.2017 60359.00   343.0721 DAB-I 31481 30.05.2017 30.05.2017 BOOKs Price for the entire Set of Volumes
      Not For Loan . . REFERENCE SECTION 30.05.2017 60359.00   343.0721 DAB-II 31482 30.05.2017 30.05.2017 BOOKs Price for the entire Set of Volumes
      Not For Loan . . REFERENCE SECTION 30.05.2017 60359.00   343.0721 DAB-III 31483 30.05.2017 30.05.2017 BOOKs Price for the entire Set of Volumes